Normal view
MARC view
Entry Personal Name
001 - CONTROL NUMBER
- control field: 6810
003 - CONTROL NUMBER IDENTIFIER
- control field: ARRUPE
005 - DATE AND TIME OF LATEST TRANSACTION
- control field: 20140121135341.0
008 - FIXED-LENGTH DATA ELEMENTS
- fixed length control field: 140121|| aca||aabn | a|a d
040 ## - CATALOGING SOURCE
- Original cataloging agency: ARRUPE
- Transcribing agency: ARRUPE
100 ## - HEADING--PERSONAL NAME
- Personal name: Priestley, Joseph,
- Dates associated with a name: 1733-1804.
670 ## - SOURCE DATA FOUND
- Source citation: Work cat.: (ARRUPE)0: Priestley, Joseph, 1733-1804., A history of the corruptions of Christianity, 1871.